• 首页
  • 本馆介绍
  • 公告通知
  • 最新文献
  • 馆藏检索
  • 电子资源
  • 读者导购
  • 参考咨询
  • 我的图书馆
  • 登录
  • 详细信息显示
  • 放入我的书架
  • 预约/预借图书
  • 作者相关作品
  • 分类相关作品
  • 丛书相关作品
  • 出版社相关作品

书目信息

  • 表格格式
  • 工作单格式
  • 卡片格式
题名:
规模化海水养殖园区环境工程生态优化技术体系
    
 
作者: 孙福新 , 宋娴丽 主编
分册:  
出版信息: 青岛   中国海洋大学出版社  2017.07
页数: 476页
开本: 26cm
丛书名:
单 册:
中图分类: S967
科图分类:
主题词: 海水养殖--养殖场--生态环境--研究--中国
电子资源:
ISBN: 978-7-5670-1524-1
000 01580nam0 2200265 450
001 1009
005 20180927094727.84
010    @a978-7-5670-1524-1@dCNY98.00
100    @a20180714d2017 em y0chiy50 ea
101 0  @achi
102    @aCN@b370000
105    @ay az 000yy
200 1  @a规模化海水养殖园区环境工程生态优化技术体系@9gui mo hua hai shui yang zhi yuan qu huan jing gong cheng sheng tai you hua ji shu ti xi@f孙福新,宋娴丽主编
210    @a青岛@c中国海洋大学出版社@d2017.07
215    @a476页@d26cm
312    @a封面英文题名:Technology system of environmental engineering and ecological optimization for large-scale marine culture park
320    @a有书目(第471-476页)
330    @a本书立足于海洋生态文明发展,为提高我国规模化园区海水养殖环境的友好性,针对我国海水养殖园区快速发展过程中其点源式排放等特殊产作方式所带来的一系列生态环境问题,以优化海水养殖环境工程技术为切入点,采用园区规划、工程生态优化、养殖种类多元化、水资源循环利用等手段,集成海水养殖园区环境工程优化、环境生态优化、生产安全控制、管理信息化等技术,构建了海水养殖园区环境工程生态优化技术和效果评估体系。该技术体系为渔业园区产业优化升级提供了有力技术支撑,并为现代渔业园区的规划供了先进的建设范本,进一步提高了山东省乃至全国海水养殖园区循环经济水平。
510 1  @aTechnology system of environmental engineering and ecological optimization for large-scale marine culture park@zeng
606 0  @a海水养殖@x养殖场@x生态环境@x研究@y中国
690    @aS967@v5
701  0 @a孙福新@9sun fu xin@4主编
701  0 @a宋娴丽@9song xian li@4主编
801  0 @aCN@b91MARC@c20180714
905    @aMuseLib@dS967@e44
    
    规模化海水养殖园区环境工程生态优化技术体系/孙福新,宋娴丽主编.-青岛:中国海洋大学出版社,2017.07
    476页;26cm
    
    
    ISBN 978-7-5670-1524-1:CNY98.00
    本书立足于海洋生态文明发展,为提高我国规模化园区海水养殖环境的友好性,针对我国海水养殖园区快速发展过程中其点源式排放等特殊产作方式所带来的一系列生态环境问题,以优化海水养殖环境工程技术为切入点,采用园区规划、工程生态优化、养殖种类多元化、水资源循环利用等手段,集成海水养殖园区环境工程优化、环境生态优化、生产安全控制、管理信息化等技术,构建了海水养殖园区环境工程生态优化技术和效果评估体系。该技术体系为渔业园区产业优化升级提供了有力技术支撑,并为现代渔业园区的规划供了先进的建设范本,进一步提高了山东省乃至全国海水养殖园区循环经济水平。
●
相关链接 在E读中查询图书 在五车中查询图书 在当当中查询图书 在豆瓣中查询图书


正题名:规模化海水养殖园区环境工程生态优化技术体系     索取号:S967/44         预约/预借

序号 登录号 条形码 馆藏地/架位号 状态 备注
1 1120729   211207291   第二样本阅览室/ [索取号:S967/44] 在馆    
2 1120730   211207308   第三借阅区/ [索取号:S967/44] 在馆    
3 1120731   211207317   第三借阅区/ [索取号:S967/44] 在馆    
4 1120732   211207326   第三借阅区/ [索取号:S967/44] 在馆    
5 1120733   211207335   密集书库-生命科学系/ [索取号:S967/44] 在馆    
唐山师范学院图书馆 欢迎您!
大连网信软件有限公司© 版权所有